| 000 | 00854nam a22002417a 4500 | ||
|---|---|---|---|
| 999 |
_c14505 _d14505 |
||
| 003 | AR-CdUCM | ||
| 008 | 190423b ||||| |||| 00| 0 eng d | ||
| 020 | _a978-9972-59-423-6 | ||
| 040 |
_aMUNICIPALIDAD PROVINCIAL DEL CUSCO _cBIBLIOTECA MUNICIPAL DEL CUSCO |
||
| 082 |
_aPI / 803.08 / _bY52 |
||
| 110 |
_aEditorial Septiembre _933196 |
||
| 245 |
_aYes, Yes! canta en ingles con miss Rosi : _bA, b, c / |
||
| 260 |
_aLima : _bEditorial Septiembre, _c2011. |
||
| 300 |
_a14 páginas ; _bilustraciones, _c22 cm. _ecd. |
||
| 440 |
_aYes, Yes! canta en inglés con miss Rosi. _n2 _933295 |
||
| 500 | _aTexto en inglés. | ||
| 650 |
_aCanciones infantiles _916211 |
||
| 650 |
_aLiteratura infantil _9588 |
||
| 650 |
_aAprendizaje infantil _933271 |
||
| 710 |
_aCorporación Gráfica Navarrete. _933296 |
||
| 942 |
_2ddc _cLIBROS |
||
| 945 |
_aachl _d2019-04-23 |
||